[Event "TOP 16 A group"]
[Site "BELFORT"]
[Date "????.??.??"]
[Round "2.18"]
[White "Dionisi, Thomas"]
[Black "Bellahcene, Bilel"]
[Result "1/2-1/2"]
[WhiteElo "2410"]
[BlackElo "2504"]
[PlyCount "91"]
[EventDate "2025.05.??"]
[WhiteTeam "BOIS COLOMBES"]
[BlackTeam "TREMBLAY"]
[WhiteTeamCountry "FRA"]
[BlackTeamCountry "FRA"]

1. e4 c5 2. Nf3 Nc6 3. Bb5 e6 4. Bxc6 bxc6 5. d3 f6 6. Nh4 g6 7. f4 c4 8. O-O
cxd3 9. cxd3 f5 10. Nf3 Nf6 11. e5 Ng4 12. h3 Nh6 13. Be3 Nf7 14. Qd2 h6 15.
Na3 Rg8 16. Nc4 Ba6 17. Rac1 g5 18. fxg5 hxg5 19. g4 f4 20. Bf2 c5 21. Na5 Rh8
22. Kg2 Qb6 23. Rfd1 Bb7 24. Nxb7 Qxb7 25. Qe2 Rc8 26. d4 cxd4 27. Rxc8+ Qxc8
28. Qe4 Be7 29. Rxd4 Qb8 30. Rd2 a6 31. b3 Rh6 32. Rc2 Bd8 33. Bc5 a5 34. Rd2
Qb5 35. Bd6 Qa6 36. Bc5 Qb5 37. b4 axb4 38. Bxb4 Bc7 39. Rc2 Bd8 40. a3 Qd5 41.
Qe2 Qb7 42. Rc5 Qa8 43. Rc3 Qb7 44. Rc5 Qa8 45. Rc3 Qb7 46. Rc5 1/2-1/2

[Event "TOP 16 A group"]
[Site "BELFORT"]
[Date "????.??.??"]
[Round "2.19"]
[White "Van Foreest, Lucas"]
[Black "Samoun, Florent"]
[Result "1/2-1/2"]
[WhiteElo "2530"]
[BlackElo "2261"]
[PlyCount "129"]
[EventDate "2025.05.??"]
[WhiteTeam "TREMBLAY"]
[BlackTeam "BOIS COLOMBES"]
[WhiteTeamCountry "FRA"]
[BlackTeamCountry "FRA"]

1. e4 c5 2. Nf3 Nc6 3. d4 cxd4 4. Nxd4 e5 5. Nb5 d6 6. N1c3 a6 7. Na3 b5 8. Nd5
Nf6 9. Bg5 Be7 10. Bxf6 Bxf6 11. c4 b4 12. Nc2 Rb8 13. b3 O-O 14. h4 Be6 15. g3
Bxd5 16. cxd5 Nd4 17. Nxd4 exd4 18. Bd3 Qd7 19. Kf1 a5 20. Kg2 Rfc8 21. Bc4 a4
22. Qd3 Rc5 23. Rae1 axb3 24. axb3 Ra5 25. Re2 Rba8 26. Qd2 d3 27. Qxd3 Bc3 28.
Qe3 Qa7 29. Qf4 Qe7 30. Qg4 h6 31. Rd1 Ra2 32. Rxa2 Rxa2 33. Rd3 Ra8 34. Re3
Bd4 35. Re2 Qf6 36. Bd3 g6 37. h5 g5 38. Rc2 Ra1 39. Bb5 Kg7 40. Be8 Rb1 41. e5
dxe5 42. d6 Qxd6 43. Bxf7 Bc3 44. Bg6 Qd1 45. Qxd1 Rxd1 46. Re2 Re1 47. Ra2 Ra1
48. Rc2 Ra3 49. Re2 Rxb3 50. Re3 Rb2 51. Rf3 Bd4 52. g4 b3 53. Kg3 Ra2 54. Rxb3
Bxf2+ 55. Kf3 Bc5 56. Ke4 Kf6 57. Kd5 Bd4 58. Rf3+ Kg7 59. Rf7+ Kg8 60. Rh7 Ra7
61. Rxh6 Kg7 62. Rh7+ Kg8 63. Rh6 Kg7 64. Rh7+ Kg8 65. Rh6 1/2-1/2

[Event "TOP 16 A group"]
[Site "BELFORT"]
[Date "????.??.??"]
[Round "2.20"]
[White "Robert, Mathias"]
[Black "Kobalia, Mikhail"]
[Result "0-1"]
[WhiteElo "2265"]
[BlackElo "2538"]
[PlyCount "128"]
[EventDate "2025.05.??"]
[WhiteTeam "BOIS COLOMBES"]
[BlackTeam "TREMBLAY"]
[WhiteTeamCountry "FRA"]
[BlackTeamCountry "FRA"]

1. e4 c5 2. Nf3 e6 3. d4 cxd4 4. Nxd4 a6 5. Nc3 b5 6. Bd3 Qb6 7. Nb3 Qc7 8. O-O
Bb7 9. a3 Nf6 10. Qe2 d6 11. Bd2 Nc6 12. f4 Be7 13. Kh1 h5 14. Rae1 h4 15. Kg1
h3 16. g3 Nd7 17. a4 b4 18. Nd5 exd5 19. exd5 Nce5 20. fxe5 Nxe5 21. Qe4 a5 22.
Bb5+ Kf8 23. c3 bxc3 24. Bxc3 Bf6 25. Rc1 Qb6+ 26. Bd4 Qd8 27. Rf2 Kg8 28. Rcf1
Rh5 29. Be2 Rh6 30. Nd2 Qe7 31. Be3 Bg5 32. Nc4 Bxe3 33. Nxe3 Bc8 34. Bg4 Qd8
35. Bd1 Rb8 36. b3 Ba6 37. Nc4 Bxc4 38. bxc4 Rb4 39. Be2 Qd7 40. Bd3 Rxa4 41.
Rb1 Qc7 42. Re2 Rh5 43. Bc2 f5 44. Qe3 Rxc4 45. Bd1 Rh6 46. Reb2 Re4 47. Qf2
Rf6 48. Rb8+ Kh7 49. Qf1 Qc5+ 50. Kh1 Ng4 51. Qxh3+ Rh6 52. Bxg4 Rxg4 53. Qg2
Rc4 54. R8b5 Rc1+ 55. Rxc1 Qxc1+ 56. Qg1 Qd2 57. h4 Rg6 58. Qg2 Qe1+ 59. Qg1
Qd2 60. Qf1 Rxg3 61. Qxf5+ Kh6 62. Qf1 Rg4 63. Rb3 Qxd5+ 64. Rf3 Rf4 0-1

[Event "TOP 16 A group"]
[Site "BELFORT"]
[Date "????.??.??"]
[Round "2.21"]
[White "Abergel, Thal"]
[Black "Negre, Emilie"]
[Result "1/2-1/2"]
[WhiteElo "2415"]
[BlackElo "2179"]
[PlyCount "45"]
[EventDate "2025.05.??"]
[WhiteTeam "TREMBLAY"]
[BlackTeam "BOIS COLOMBES"]
[WhiteTeamCountry "FRA"]
[BlackTeamCountry "FRA"]

1. c4 Nf6 2. g3 e6 3. Nf3 d5 4. b3 c5 5. cxd5 exd5 6. d4 Nc6 7. Bg2 Bg4 8. Bb2
Qa5+ 9. Bc3 Qb6 10. dxc5 Bxc5 11. Bxf6 Bxf2+ 12. Kf1 gxf6 13. Nc3 O-O-O 14. Na4
Qe3 15. Rc1 Bxf3 16. Bxf3 Qd4 17. Kg2 Kb8 18. Nc5 Be3 19. Na6+ Ka8 20. Nc7+ Kb8
21. Na6+ Ka8 22. Nc7+ Kb8 23. Na6+ 1/2-1/2

[Event "TOP 16 A group"]
[Site "BELFORT"]
[Date "????.??.??"]
[Round "2.22"]
[White "Guerlach, Keigo"]
[Black "Shchekachev, Andrei"]
[Result "0-1"]
[WhiteElo "2148"]
[BlackElo "2445"]
[PlyCount "144"]
[EventDate "2025.05.??"]
[WhiteTeam "BOIS COLOMBES"]
[BlackTeam "TREMBLAY"]
[WhiteTeamCountry "FRA"]
[BlackTeamCountry "FRA"]

1. e4 c5 2. Nf3 d6 3. Bb5+ Bd7 4. Bxd7+ Nxd7 5. O-O Ngf6 6. Re1 e6 7. c3 Be7 8.
d4 O-O 9. Nbd2 cxd4 10. cxd4 Rc8 11. Nb3 Nb6 12. Bg5 h6 13. Bxf6 Bxf6 14. Nbd2
Qd7 15. Qb3 Qa4 16. Rac1 d5 17. exd5 Qxb3 18. Nxb3 Nxd5 19. Rxc8 Rxc8 20. Rc1
Rd8 21. g3 b6 22. a3 g5 23. h3 Rd7 24. Kg2 Ne7 25. Ne5 Bxe5 26. dxe5 Ng6 27.
Rc2 Nxe5 28. Nd2 Kg7 29. Nf3 Nxf3 30. Kxf3 Rd3+ 31. Ke4 Rb3 32. Kd4 a5 33. Ke5
Kg6 34. Rd2 h5 35. h4 gxh4 36. gxh4 Rh3 37. Rd4 Rf3 38. Rd2 b5 39. Re2 Rh3 40.
Re4 Rd3 41. Re2 Rd5+ 42. Ke4 f5+ 43. Kf3 Kf6 44. Rc2 Rd4 45. Kg3 Rg4+ 46. Kh3
Rc4 47. Re2 b4 48. axb4 Rxb4 49. f3 a4 50. Kg3 f4+ 51. Kh3 Rb3 52. Kg2 Kf5 53.
Kf2 Rb4 54. Kg2 Rc4 55. Kh3 Rb4 56. Kg2 e5 57. Rc2 Ke6 58. Rd2 Rd4 59. Rc2 Kd5
60. Rc8 Rb4 61. Rc2 e4 62. fxe4+ Kxe4 63. Re2+ Kf5 64. Kh3 Rb3+ 65. Kh2 Kg4 66.
Rf2 Rf3 67. Rc2 Kxh4 68. Rc4 Rf2+ 69. Kg1 Kg3 70. Rxa4 Rxb2 71. Ra3+ f3 72. Ra1
Rg2+ 0-1

[Event "TOP 16 A group"]
[Site "BELFORT"]
[Date "????.??.??"]
[Round "2.23"]
[White "Morais, Thomas"]
[Black "Metzger, Clement"]
[Result "0-1"]
[WhiteElo "2157"]
[BlackElo "2233"]
[PlyCount "66"]
[EventDate "2025.05.??"]
[WhiteTeam "TREMBLAY"]
[BlackTeam "BOIS COLOMBES"]
[WhiteTeamCountry "FRA"]
[BlackTeamCountry "FRA"]

1. Nf3 c5 2. e4 Nc6 3. Bb5 e6 4. Bxc6 bxc6 5. Qe2 Ne7 6. d3 Ng6 7. h4 h5 8. e5
Be7 9. Qe4 Qb6 10. a3 Bd8 11. Nbd2 O-O 12. Nc4 Qb8 13. Ng5 d5 14. exd6 e5 15.
Be3 Bg4 16. Qxc6 Bf6 17. Qxc5 Nf4 18. Bxf4 exf4 19. Ne4 Re8 20. f3 Bd7 21.
O-O-O Rc8 22. Qxh5 Bxb2+ 23. Nxb2 Qb3 24. c4 Rab8 25. Qe5 Qa2 26. Nd2 Re8 27.
Qc3 Re2 28. Rhe1 Qa1+ 29. Kc2 Rxd2+ 30. Rxd2 Qxe1 31. Nd1 Ba4+ 32. Kc1 Bxd1 33.
Rc2 Qg1 0-1

[Event "TOP 16 A group"]
[Site "BELFORT"]
[Date "????.??.??"]
[Round "2.24"]
[White "Bremond, Eric"]
[Black "Hernandez, Lara"]
[Result "1-0"]
[WhiteElo "2129"]
[BlackElo "1978"]
[PlyCount "53"]
[EventDate "2025.05.??"]
[WhiteTeam "BOIS COLOMBES"]
[BlackTeam "TREMBLAY"]
[WhiteTeamCountry "FRA"]
[BlackTeamCountry "FRA"]

1. e4 d6 2. d4 Nf6 3. Nc3 e5 4. Nf3 Nbd7 5. g4 h6 6. Bc4 c6 7. g5 hxg5 8. dxe5
g4 9. exf6 gxf3 10. fxg7 Bxg7 11. Qxd6 Ne5 12. Qxd8+ Kxd8 13. Bb3 Bh3 14. Bf4
Ke7 15. O-O-O b5 16. Rd2 a5 17. a4 Rab8 18. Rg1 Bg2 19. axb5 cxb5 20. Nd5+ Kf8
21. Ne3 Rh4 22. Bxe5 Bxe5 23. Rd7 Bxh2 24. Rxf7+ Ke8 25. Nf5 Bxg1 26. Nd6+ Kd8
27. Be6 1-0

[Event "TOP 16 A group"]
[Site "BELFORT"]
[Date "????.??.??"]
[Round "2.25"]
[White "Eugene, Floryan"]
[Black "Karthikeyan, Murali"]
[Result "0-1"]
[WhiteElo "2469"]
[BlackElo "2658"]
[PlyCount "114"]
[EventDate "2025.05.??"]
[WhiteTeam "LE MANS"]
[BlackTeam "CANNES"]
[WhiteTeamCountry "FRA"]
[BlackTeamCountry "FRA"]

1. e4 c5 2. Nf3 Nc6 3. d4 cxd4 4. Nxd4 Nf6 5. Nc3 d6 6. f3 a6 7. Be3 Qc7 8. Qd2
e6 9. O-O-O Be7 10. g4 Nd7 11. f4 b5 12. e5 Nxd4 13. exd6 Bxd6 14. Bg2 Rb8 15.
Ne4 Bxf4 16. Qxd4 Be5 17. Qb4 Bb7 18. Rxd7 Qxd7 19. Nc5 Bd6 20. Nxd7 Bxb4 21.
Nxb8 Bxg2 22. Rd1 Bd5 23. Nxa6 Ba5 24. Bc5 h5 25. g5 f6 26. gxf6 gxf6 27. Nb4
Bxb4 28. Bxb4 Rg8 29. Bc3 Ke7 30. Bd4 Rg2 31. Rd2 e5 32. Bc5+ Ke6 33. Rxg2 Bxg2
34. b3 f5 35. a4 bxa4 36. bxa4 f4 37. Kd2 Bf1 38. Ke1 Ba6 39. Kf2 e4 40. a5 Kf5
41. Bb6 Kg4 42. Bc5 h4 43. Kg2 Kf5 44. h3 e3 45. Be7 Bb7+ 46. Kf1 Ke4 47. Bxh4
Kf3 48. Bg5 Ba6+ 49. Ke1 Ke4 50. Bf6 f3 51. Bh4 Kf4 52. Bf2 exf2+ 53. Kxf2 Bb7
54. c4 Bc6 55. c5 Ba8 56. a6 Bc6 57. a7 Ba8 0-1

[Event "TOP 16 A group"]
[Site "BELFORT"]
[Date "????.??.??"]
[Round "2.26"]
[White "Pranesh M"]
[Black "Eveno, Nathan"]
[Result "1-0"]
[WhiteElo "2576"]
[BlackElo "2249"]
[PlyCount "110"]
[EventDate "2025.05.??"]
[WhiteTeam "CANNES"]
[BlackTeam "LE MANS"]
[WhiteTeamCountry "FRA"]
[BlackTeamCountry "FRA"]

1. e4 c5 2. Nf3 d6 3. Bb5+ Bd7 4. c4 Nf6 5. Nc3 g6 6. d4 cxd4 7. Bxd7+ Nbxd7 8.
Nxd4 Bg7 9. O-O Qa5 10. Be3 Rc8 11. Qe2 Nb6 12. Nb3 Qa6 13. Bxb6 Qxb6 14. Kh1
O-O 15. f4 Rfe8 16. Rad1 Nd7 17. e5 Nc5 18. Nd5 Qa6 19. Nd4 e6 20. Nc3 dxe5 21.
fxe5 Nd7 22. Nf3 Re7 23. b3 h6 24. Rd6 Qa5 25. Qd2 Nxe5 26. Nd5 Qxd2 27. Nxe7+
Kf8 28. Nxg6+ Nxg6 29. Rxd2 Ke7 30. Rfd1 Rc7 31. Rd8 e5 32. Rg8 Bf6 33. Rdd8
Ke6 34. Rge8+ Kf5 35. Rd6 h5 36. g3 Be7 37. Rd5 Bf6 38. Nd4+ Ke4 39. Nb5 Re7
40. Kg2 Rxe8 41. Nd6+ Ke3 42. Nxe8 Be7 43. Ng7 Ke4 44. Nxh5 f5 45. Rd7 f4 46.
gxf4 exf4 47. Rxb7 Bc5 48. b4 Bd4 49. c5 f3+ 50. Kf1 Ne5 51. Re7 Kd3 52. Nf4+
Kc4 53. Ne6 Be3 54. Ng7 Bf4 55. c6 Kd5 1-0

[Event "TOP 16 A group"]
[Site "BELFORT"]
[Date "????.??.??"]
[Round "2.27"]
[White "Bouvet, Florian"]
[Black "Adhiban, B."]
[Result "0-1"]
[WhiteElo "2244"]
[BlackElo "2518"]
[PlyCount "96"]
[EventDate "2025.05.??"]
[WhiteTeam "LE MANS"]
[BlackTeam "CANNES"]
[WhiteTeamCountry "FRA"]
[BlackTeamCountry "FRA"]

1. Nf3 f5 2. c4 Nf6 3. e3 e6 4. Be2 b6 5. b3 Bb7 6. Bb2 Nc6 7. O-O Bd6 8. d4
Ne7 9. Nc3 a6 10. Rc1 Ng6 11. Na4 O-O 12. c5 Be7 13. cxb6 cxb6 14. Ne5 Nh4 15.
g3 Ng6 16. Bf3 Ra7 17. Bxb7 Rxb7 18. Qf3 Qa8 19. Rc2 b5 20. Nxg6 hxg6 21. Nc5
Rc7 22. Qxa8 Rxa8 23. Rcc1 Rac8 24. Nd3 Rc2 25. Rfd1 Ne4 26. Ne1 Nxf2 27. Rxc2
Rxc2 28. Nxc2 Nxd1 29. Bc1 Nc3 30. Bd2 Nxa2 31. Kf2 g5 32. h3 Kf7 33. g4 d5 34.
Ke2 Ke8 35. Kd3 Kd7 36. Ke2 a5 37. Kd3 Nb4+ 38. Bxb4 Bxb4 39. Nxb4 axb4 40. Ke2
Ke7 41. Kf2 Kf6 42. Ke2 e5 43. Kf3 Ke6 44. Ke2 f4 45. exf4 gxf4 46. dxe5 Kxe5
47. h4 Ke4 48. Kf2 f3 0-1

[Event "TOP 16 A group"]
[Site "BELFORT"]
[Date "????.??.??"]
[Round "2.28"]
[White "Lamard, Guillaume"]
[Black "Harutyunyan, Safar"]
[Result "1-0"]
[WhiteElo "2500"]
[BlackElo "2258"]
[PlyCount "101"]
[EventDate "2025.05.??"]
[WhiteTeam "CANNES"]
[BlackTeam "LE MANS"]
[WhiteTeamCountry "FRA"]
[BlackTeamCountry "FRA"]

1. e4 e6 2. d4 d5 3. e5 c5 4. c3 Nc6 5. Nf3 Bd7 6. Be2 h6 7. O-O a6 8. h3 Rc8
9. a3 Nge7 10. dxc5 g5 11. c4 Bg7 12. cxd5 exd5 13. Re1 O-O 14. Nc3 Re8 15. Na4
Be6 16. b4 Nxe5 17. Bb2 Nxf3+ 18. Bxf3 Bxb2 19. Nxb2 Nf5 20. Nd3 Qf6 21. Ne5
Nh4 22. Bg4 Rcd8 23. Rc1 Bf5 24. Bxf5 Rxe5 25. Bd3 Rde8 26. Rxe5 Rxe5 27. a4 d4
28. b5 axb5 29. axb5 Re7 30. c6 bxc6 31. Rxc6 Qe5 32. Rxh6 Qd5 33. Bf1 Ng6 34.
h4 gxh4 35. Rh5 Qd6 36. Rg5 Kg7 37. Rg4 Re5 38. Qxd4 Qxd4 39. Rxd4 Re1 40. Rb4
Kf6 41. b6 Re8 42. b7 Rb8 43. Ba6 Kg5 44. Rc4 Nf8 45. Kh2 f6 46. Rc7 Kf5 47.
Kh3 Kf4 48. Rc8 Nd7 49. Kxh4 f5 50. Rxb8 Nxb8 51. Bb5 1-0

[Event "TOP 16 A group"]
[Site "BELFORT"]
[Date "????.??.??"]
[Round "2.29"]
[White "Gao, Etienne"]
[Black "Defromont, Benjamin"]
[Result "1/2-1/2"]
[WhiteElo "2240"]
[BlackElo "2388"]
[PlyCount "37"]
[EventDate "2025.05.??"]
[WhiteTeam "LE MANS"]
[BlackTeam "CANNES"]
[WhiteTeamCountry "FRA"]
[BlackTeamCountry "FRA"]

1. e4 g6 2. d4 d5 3. exd5 Qxd5 4. Nf3 Qd8 5. Bc4 Bg7 6. Ne5 e6 7. O-O Nf6 8.
Nc3 O-O 9. Bg5 h6 10. Bh4 Nbd7 11. Re1 c5 12. Nxd7 Bxd7 13. dxc5 Rc8 14. Qd4
Qe7 15. Bxf6 Bxf6 16. Nd5 exd5 17. Rxe7 Bxd4 18. Rxd7 dxc4 19. Rxd4 1/2-1/2

[Event "TOP 16 A group"]
[Site "BELFORT"]
[Date "????.??.??"]
[Round "2.30"]
[White "Llari, Marc"]
[Black "Heurtebize, Olivier"]
[Result "1/2-1/2"]
[WhiteElo "2309"]
[BlackElo "2250"]
[PlyCount "133"]
[EventDate "2025.05.??"]
[WhiteTeam "CANNES"]
[BlackTeam "LE MANS"]
[WhiteTeamCountry "FRA"]
[BlackTeamCountry "FRA"]

1. d4 d5 2. c4 e6 3. Nc3 Nf6 4. Nf3 Nbd7 5. Bf4 c6 6. e3 Bb4 7. Nd2 Qe7 8. Qc2
Nh5 9. Bg3 Nxg3 10. hxg3 Nf6 11. a3 Bd6 12. Bd3 e5 13. dxe5 Bxe5 14. cxd5 cxd5
15. Nf3 Bd7 16. Nxe5 Qxe5 17. O-O-O Rc8 18. Kb1 g6 19. Rh4 O-O 20. Rd4 Rfd8 21.
Rd2 Bg4 22. Ka2 a6 23. Qb3 b5 24. Qb4 Be6 25. Kb1 Rc6 26. Rf4 Nh5 27. Qd4 Qc7
28. Rh4 Qe7 29. Ne2 Nf6 30. Qb4 Qc7 31. Qf4 Qxf4 32. Rxf4 Nh5 33. Rh4 Rdc8 34.
Rh1 Nf6 35. Nd4 Rc5 36. Rhd1 Ng4 37. Re1 Ne5 38. Bc2 Nc4 39. Rde2 a5 40. e4
dxe4 41. Nxe6 fxe6 42. Bxe4 Rd8 43. Ka2 Rd4 44. Bc2 e5 45. Bb3 Rdd5 46. Bxc4
bxc4 47. Rc2 a4 48. Kb1 Kf7 49. Kc1 Rd4 50. f3 Kf6 51. Rc3 Rcd5 52. Re2 g5 53.
g4 Ke6 54. Kc2 Kd6 55. Rce3 h6 56. Re4 Rc5 57. Re1 Rb5 58. Rh1 Kd5 59. Rxh6
Rxe4 60. fxe4+ Kxe4 61. Ra6 Rb3 62. Rxa4 Kd4 63. Ra8 Rg3 64. Rd8+ Kc5 65. Rc8+
Kd4 66. Rd8+ Kc5 67. Rc8+ 1/2-1/2

[Event "TOP 16 A group"]
[Site "BELFORT"]
[Date "????.??.??"]
[Round "2.31"]
[White "Brunelliere, Pierre"]
[Black "De Labaca, Romuald"]
[Result "1/2-1/2"]
[WhiteElo "2218"]
[BlackElo "2290"]
[PlyCount "55"]
[EventDate "2025.05.??"]
[WhiteTeam "LE MANS"]
[BlackTeam "CANNES"]
[WhiteTeamCountry "FRA"]
[BlackTeamCountry "FRA"]

1. e4 c5 2. Nf3 d6 3. d4 cxd4 4. Qxd4 Nc6 5. Qd3 Nf6 6. Nc3 g6 7. Be2 Bg7 8.
O-O O-O 9. Nd5 Nd7 10. c3 Nc5 11. Qc2 e6 12. Nf4 a5 13. Be3 Qe7 14. Nd4 Bd7 15.
Nb5 Ne5 16. Rad1 Bxb5 17. Bxb5 Rfd8 18. h3 Qh4 19. g3 Qe7 20. Ng2 Nf3+ 21. Kh1
h5 22. Be2 Ng5 23. h4 Ngxe4 24. b4 Nxc3 25. bxc5 Nxd1 26. Rxd1 dxc5 27. Rb1
Rdc8 28. Kg1 1/2-1/2

[Event "TOP 16 A group"]
[Site "BELFORT"]
[Date "????.??.??"]
[Round "2.32"]
[White "Bensdorp-De Labaca, Marlies"]
[Black "Budak, Lori"]
[Result "1-0"]
[WhiteElo "2208"]
[BlackElo "1908"]
[PlyCount "69"]
[EventDate "2025.05.??"]
[WhiteTeam "CANNES"]
[BlackTeam "LE MANS"]
[WhiteTeamCountry "FRA"]
[BlackTeamCountry "FRA"]

1. d4 d5 2. c4 e6 3. Nc3 Nf6 4. cxd5 exd5 5. Bg5 c6 6. e3 Bd6 7. Qc2 O-O 8. Bd3
h6 9. Bh4 Re8 10. Nge2 a5 11. h3 Na6 12. a3 Nc7 13. O-O Ne6 14. Rad1 Kh8 15. f3
g5 16. Bf2 Nh5 17. g4 Nhg7 18. Ng3 Bd7 19. Kg2 Rc8 20. Qb1 Qf6 21. Rh1 b5 22.
Nf5 Nxf5 23. Bxf5 Kg7 24. Ne2 Nf8 25. e4 Bxf5 26. gxf5 dxe4 27. fxe4 Bf4 28.
Nxf4 gxf4 29. Kf3 Nh7 30. h4 h5 31. Rhg1+ Kh8 32. Qc1 Rg8 33. Qxf4 Qd8 34. Qh6
Qf6 35. Qxh5 1-0

[Event "TOP 16 A group"]
[Site "BELFORT"]
[Date "????.??.??"]
[Round "3.1"]
[White "Narayanan S L"]
[Black "Murzin, Volodar"]
[Result "1/2-1/2"]
[WhiteElo "2598"]
[BlackElo "2658"]
[PlyCount "53"]
[EventDate "2025.07.??"]
[WhiteTeam "MULHOUSE"]
[BlackTeam "TREMBLAY"]
[WhiteTeamCountry "FRA"]
[BlackTeamCountry "FRA"]

1. c4 c6 2. d4 d5 3. Nf3 Nf6 4. Nc3 e6 5. Bg5 h6 6. Bh4 Be7 7. e3 O-O 8. Qc2
Nbd7 9. a3 b6 10. cxd5 cxd5 11. Bd3 Bb7 12. O-O Rc8 13. Nd2 Nh5 14. Bxe7 Qxe7
15. Qa4 a6 16. Rfc1 Nhf6 17. Qb4 Rfe8 18. Na4 Qxb4 19. axb4 Rxc1+ 20. Rxc1 Rc8
21. Rxc8+ Bxc8 22. b5 axb5 23. Bxb5 Kf8 24. Nf3 Ke7 25. Kf1 Kd6 26. Ke1 Kc7 27.
Nc3 1/2-1/2

[Event "TOP 16 A group"]
[Site "BELFORT"]
[Date "????.??.??"]
[Round "3.2"]
[White "Kobalia, Mikhail"]
[Black "Puranik, Abhimanyu"]
[Result "0-1"]
[WhiteElo "2538"]
[BlackElo "2624"]
[PlyCount "130"]
[EventDate "2025.07.??"]
[WhiteTeam "TREMBLAY"]
[BlackTeam "MULHOUSE"]
[WhiteTeamCountry "FRA"]
[BlackTeamCountry "FRA"]

1. e4 e5 2. Nf3 Nc6 3. Bb5 a6 4. Ba4 Nf6 5. O-O b5 6. Bb3 Bc5 7. c3 d6 8. d4
Bb6 9. Be3 O-O 10. Nbd2 Rb8 11. Re1 h6 12. h3 Re8 13. Re2 a5 14. d5 Bxe3 15.
Rxe3 Ne7 16. c4 Ba6 17. c5 dxc5 18. a4 c6 19. axb5 Bxb5 20. Nxe5 cxd5 21. exd5
Nexd5 22. Re1 Qc7 23. Ndf3 Rbd8 24. Qc1 Re7 25. Bc4 Bxc4 26. Nxc4 Ne4 27. Nfd2
Ng5 28. h4 Ne6 29. Nf3 Nb4 30. Nce5 Rde8 31. Qc4 Nd4 32. Nxd4 cxd4 33. Qxc7
Rxc7 34. Nf3 Rxe1+ 35. Nxe1 Rc5 36. Rd1 Rd5 37. Nf3 d3 38. g3 g5 39. hxg5 hxg5
40. Kg2 Kg7 41. Nd2 Kf6 42. Kf3 Nc2 43. Rh1 Re5 44. Rd1 Ke6 45. Nc4 Ne1+ 46.
Kg4 Re4+ 47. f4 f5+ 48. Kxg5 Nf3+ 49. Kg6 Rxc4 50. Rxd3 Nd4 51. Kg5 Rb4 52. g4
fxg4 53. Kxg4 Kf6 54. Rh3 Rxb2 55. Rh6+ Kf7 56. Rd6 Rg2+ 57. Kh3 Rg3+ 58. Kh2
Rd3 59. Ra6 Ra3 60. Kg2 Ne6 61. f5 Ng7 62. f6 Ne6 63. Kf2 Kxf6 64. Ke2 Ke5 65.
Kd2 Nc5 0-1

[Event "TOP 16 A group"]
[Site "BELFORT"]
[Date "????.??.??"]
[Round "3.3"]
[White "Navara, David"]
[Black "Van Foreest, Lucas"]
[Result "1/2-1/2"]
[WhiteElo "2657"]
[BlackElo "2530"]
[PlyCount "69"]
[EventDate "2025.07.??"]
[WhiteTeam "MULHOUSE"]
[BlackTeam "TREMBLAY"]
[WhiteTeamCountry "FRA"]
[BlackTeamCountry "FRA"]

1. d4 d5 2. Nf3 Nf6 3. Bf4 c5 4. e3 Nc6 5. c3 Qb6 6. Qc2 g6 7. h3 Bf5 8. dxc5
Qxc5 9. Qb3 Na5 10. Qb5+ Qxb5 11. Bxb5+ Bd7 12. Be2 Nc6 13. Ne5 Nxe5 14. Bxe5
Bg7 15. Nd2 O-O 16. O-O Rfd8 17. Rfd1 e6 18. a4 a5 19. f4 Bc6 20. Nb3 Nd7 21.
Bxg7 Kxg7 22. Ra3 Nb6 23. Nd4 Nc4 24. Nxc6 bxc6 25. Bxc4 dxc4 26. Rxd8 Rxd8 27.
b4 cxb3 28. Rxb3 Rd2 29. Rb6 Ra2 30. Rxc6 Rxa4 31. Kf2 Ra2+ 32. Kf3 a4 33. Ra6
Rc2 34. Rxa4 Rxc3 35. Ra7 1/2-1/2

[Event "TOP 16 A group"]
[Site "BELFORT"]
[Date "????.??.??"]
[Round "3.4"]
[White "Abergel, Thal"]
[Black "Rakotomaharo, Fy Antenaina"]
[Result "1/2-1/2"]
[WhiteElo "2415"]
[BlackElo "2441"]
[PlyCount "87"]
[EventDate "2025.07.??"]
[WhiteTeam "TREMBLAY"]
[BlackTeam "MULHOUSE"]
[WhiteTeamCountry "FRA"]
[BlackTeamCountry "FRA"]

1. c4 e6 2. g3 d5 3. Bg2 Nf6 4. Nf3 Be7 5. O-O O-O 6. b3 d4 7. e3 c5 8. Ne5
Nfd7 9. Nxd7 Qxd7 10. exd4 cxd4 11. d3 Nc6 12. Ba3 e5 13. Re1 Re8 14. Bxe7 Qxe7
15. a3 Bf5 16. b4 Rad8 17. Qb3 Qg5 18. h4 Qg6 19. Nd2 Kh8 20. c5 h6 21. b5 Na5
22. Qb4 b6 23. Ne4 Bxe4 24. Bxe4 f5 25. Bg2 e4 26. c6 e3 27. Ra2 f4 28. c7 Rc8
29. Qxd4 Rxc7 30. Rae2 Rf7 31. gxf4 Nb3 32. Qb4 exf2+ 33. Rxf2 Rxe1+ 34. Qxe1
Nc5 35. Qe8+ Kh7 36. d4 Nd3 37. h5 Qg3 38. Rf3 Qe1+ 39. Qxe1 Nxe1 40. Re3 Nxg2
41. Kxg2 Rxf4 42. Rd3 Kg8 43. d5 Kf7 44. d6 1/2-1/2

[Event "TOP 16 A group"]
[Site "BELFORT"]
[Date "????.??.??"]
[Round "3.5"]
[White "Edouard, Romain"]
[Black "Shchekachev, Andrei"]
[Result "1/2-1/2"]
[WhiteElo "2538"]
[BlackElo "2445"]
[PlyCount "151"]
[EventDate "2025.07.??"]
[WhiteTeam "MULHOUSE"]
[BlackTeam "TREMBLAY"]
[WhiteTeamCountry "FRA"]
[BlackTeamCountry "FRA"]

1. c4 g6 2. g3 c5 3. Bg2 Bg7 4. Nc3 Nc6 5. Nf3 d6 6. O-O Bg4 7. h3 Bxf3 8. Bxf3
e6 9. a3 Nge7 10. b4 O-O 11. Rb1 Rb8 12. Bg2 b6 13. e3 Qd7 14. Bb2 d5 15. cxd5
exd5 16. bxc5 bxc5 17. Qc2 c4 18. Ne2 Bxb2 19. Rxb2 Rxb2 20. Qxb2 Rb8 21. Qc2
Qd6 22. e4 Ne5 23. exd5 Nxd5 24. f4 Nd3 25. Qxc4 Nb6 26. Qd4 Rd8 27. Qxd6 Rxd6
28. Rb1 Nc4 29. Rb8+ Kg7 30. Rb7 Ne1 31. Rxa7 Rxd2 32. Bf1 Ne3 33. Kf2 N3c2 34.
a4 Nd3+ 35. Kg1 Ne3 36. Re7 Nxf1 37. Kxf1 Ra2 38. Nc3 Ra3 39. Ne4 Rxa4 40. Ng5
Kg8 41. Ke2 Nxf4+ 42. gxf4 Rxf4 43. Nf3 h6 44. Ke3 Rf5 45. Re5 Rf6 46. Re4 Kg7
47. Rf4 Re6+ 48. Kd4 Rd6+ 49. Ke4 Re6+ 50. Kd4 Rd6+ 51. Ke3 Re6+ 52. Kf2 Kg8
53. Ra4 Kg7 54. Kg3 Rf6 55. Ra5 Kg8 56. Ne5 Kg7 57. Nd3 Rd6 58. Nf4 Rb6 59. Ra3
Rb5 60. Rd3 Rf5 61. Nd5 Kf8 62. Ne3 Rb5 63. Kf4 Kg7 64. Nd5 Rb1 65. Ke5 Re1+
66. Kd6 Re6+ 67. Kd7 Re5 68. Nc7 g5 69. Rd6 Re3 70. Ne8+ Kf8 71. Rxh6 Rd3+ 72.
Nd6 Kg7 73. Rh5 Kg6 74. Rh8 Kg7 75. Rh5 Kg6 76. Rh8 1/2-1/2

[Event "TOP 16 A group"]
[Site "BELFORT"]
[Date "????.??.??"]
[Round "3.6"]
[White "Bellahcene, Bilel"]
[Black "Riff, Jean-Noel"]
[Result "1/2-1/2"]
[WhiteElo "2504"]
[BlackElo "2387"]
[PlyCount "22"]
[EventDate "2025.07.??"]
[WhiteTeam "TREMBLAY"]
[BlackTeam "MULHOUSE"]
[WhiteTeamCountry "FRA"]
[BlackTeamCountry "FRA"]

1. e4 e5 2. Nc3 Nf6 3. d4 exd4 4. Qxd4 Nc6 5. Qa4 Be7 6. Bb5 O-O 7. Nf3 d6 8.
Bxc6 bxc6 9. Qxc6 Rb8 10. O-O Rb4 11. Nd5 Nxd5 1/2-1/2

[Event "TOP 16 A group"]
[Site "BELFORT"]
[Date "????.??.??"]
[Round "3.7"]
[White "Burri, Quentin"]
[Black "Morais, Thomas"]
[Result "1/2-1/2"]
[WhiteElo "2401"]
[BlackElo "2157"]
[PlyCount "65"]
[EventDate "2025.07.??"]
[WhiteTeam "MULHOUSE"]
[BlackTeam "TREMBLAY"]
[WhiteTeamCountry "FRA"]
[BlackTeamCountry "FRA"]

1. e4 e5 2. Nf3 Nf6 3. Nxe5 d6 4. Nf3 Nxe4 5. Nc3 Nxc3 6. dxc3 Be7 7. Be3 O-O
8. Qd2 Nd7 9. O-O-O Nf6 10. Kb1 c5 11. Bd3 Qa5 12. Rhe1 Be6 13. c4 Qxd2 14.
Rxd2 h6 15. Nh4 Ng4 16. Nf5 Bxf5 17. Bxf5 Nxe3 18. fxe3 Rfe8 19. Bd7 Red8 20.
Bg4 Bf6 21. Bf3 Rab8 22. a4 a6 23. Bd5 Rd7 24. c3 Re7 25. Kc2 a5 26. e4 b6 27.
Kd3 Ra7 28. Rf2 Rf8 29. g3 Be5 30. Ra1 g6 31. Ra3 Kg7 32. Rb3 Rb8 33. Rf3
1/2-1/2

[Event "TOP 16 A group"]
[Site "BELFORT"]
[Date "????.??.??"]
[Round "3.8"]
[White "Hernandez, Lara"]
[Black "Navrotescu, Andreea"]
[Result "0-1"]
[WhiteElo "1978"]
[BlackElo "2323"]
[PlyCount "62"]
[EventDate "2025.07.??"]
[WhiteTeam "TREMBLAY"]
[BlackTeam "MULHOUSE"]
[WhiteTeamCountry "FRA"]
[BlackTeamCountry "FRA"]

1. d4 Nf6 2. Nf3 e6 3. g3 c5 4. Bg2 cxd4 5. O-O d5 6. Nxd4 e5 7. Nf3 Nc6 8. c4
d4 9. e3 Be7 10. exd4 exd4 11. Bf4 O-O 12. Ne5 Qb6 13. Qb3 Na5 14. Qxb6 axb6
15. Nd2 Nh5 16. Nb3 Bf6 17. Nxa5 Nxf4 18. gxf4 Rxa5 19. Rfd1 g5 20. Bd5 gxf4
21. Nd3 Bf5 22. Nxf4 b5 23. Nh5 Bh8 24. Ng3 Bc2 25. Rd2 d3 26. Ne4 Bxb2 27. Re1
b4 28. f3 Bc3 29. Rg2+ Kh8 30. Nd2 Rg8 31. Rxg8+ Kxg8 0-1